<?xml version="1.0" encoding="UTF-8"?>
<record
    xmlns:xsi="http://www.w3.org/2001/XMLSchema-instance"
    xsi:schemaLocation="http://www.loc.gov/MARC21/slim http://www.loc.gov/standards/marcxml/schema/MARC21slim.xsd"
    xmlns="http://www.loc.gov/MARC21/slim">

  <leader>01971nam a2200469 i 4500</leader>
  <controlfield tag="001">0007421059</controlfield>
  <controlfield tag="003">OSt</controlfield>
  <controlfield tag="005">20260530095616.0</controlfield>
  <controlfield tag="008">250306s2025    quca   j 6    000 | fre  </controlfield>
  <datafield tag="020" ind1=" " ind2=" ">
    <subfield code="a">9782897771935</subfield>
  </datafield>
  <datafield tag="020" ind1=" " ind2=" ">
    <subfield code="a">2897771933</subfield>
  </datafield>
  <datafield tag="040" ind1=" " ind2=" ">
    <subfield code="a">QMBN</subfield>
    <subfield code="b">fre</subfield>
    <subfield code="e">rda</subfield>
    <subfield code="c">QMBN</subfield>
    <subfield code="d">QMBND</subfield>
  </datafield>
  <datafield tag="050" ind1=" " ind2="4">
    <subfield code="a">PZ23.7*</subfield>
  </datafield>
  <datafield tag="082" ind1="0" ind2="4">
    <subfield code="a">741.5 S719m</subfield>
    <subfield code="b">S719m</subfield>
    <subfield code="2">23/fre/202510</subfield>
  </datafield>
  <datafield tag="082" ind1="0" ind2="5">
    <subfield code="a">741.59</subfield>
    <subfield code="b">S719m</subfield>
    <subfield code="2">23/fre/202510</subfield>
  </datafield>
  <datafield tag="091" ind1="0" ind2=" ">
    <subfield code="a">SOU</subfield>
  </datafield>
  <datafield tag="100" ind1="1" ind2=" ">
    <subfield code="a">Soucy, Erika,</subfield>
    <subfield code="d">1987-</subfield>
    <subfield code="e">auteur</subfield>
  </datafield>
  <datafield tag="245" ind1="1" ind2="3">
    <subfield code="a">La maison cachette /</subfield>
    <subfield code="c">[texte] Erika Soucy ; [illustrations] Genevi&#xEF;&#xBF;&#xBD;ve Bigu&#xEF;&#xBF;&#xBD;</subfield>
  </datafield>
  <datafield tag="264" ind1=" " ind2="1">
    <subfield code="a">Montr&#xEF;&#xBF;&#xBD;al (Qu&#xEF;&#xBF;&#xBD;bec) :</subfield>
    <subfield code="b">la Past&#xEF;&#xBF;&#xBD;que,</subfield>
    <subfield code="c">[2025]</subfield>
  </datafield>
  <datafield tag="300" ind1=" " ind2=" ">
    <subfield code="a">76 pages :</subfield>
    <subfield code="b">principalement des illustrations en couleur ;</subfield>
    <subfield code="c">25 cm</subfield>
  </datafield>
  <datafield tag="336" ind1=" " ind2=" ">
    <subfield code="a">image fixe</subfield>
    <subfield code="b">sti</subfield>
    <subfield code="2">rdacontent</subfield>
  </datafield>
  <datafield tag="336" ind1=" " ind2=" ">
    <subfield code="a">texte</subfield>
    <subfield code="b">txt</subfield>
    <subfield code="2">rdacontent</subfield>
  </datafield>
  <datafield tag="337" ind1=" " ind2=" ">
    <subfield code="a">sans m&#xEF;&#xBF;&#xBD;diation</subfield>
    <subfield code="b">n</subfield>
    <subfield code="2">rdamedia</subfield>
  </datafield>
  <datafield tag="338" ind1=" " ind2=" ">
    <subfield code="a">volume</subfield>
    <subfield code="b">nc</subfield>
    <subfield code="2">rdacarrier</subfield>
  </datafield>
  <datafield tag="521" ind1=" " ind2=" ">
    <subfield code="a">Pour les jeunes de 10 ans et plus</subfield>
  </datafield>
  <datafield tag="650" ind1=" " ind2="7">
    <subfield code="a">Enfants maltrait&#xEF;&#xBF;&#xBD;s</subfield>
    <subfield code="v">Bandes dessin&#xEF;&#xBF;&#xBD;es</subfield>
    <subfield code="2">vmj</subfield>
  </datafield>
  <datafield tag="650" ind1=" " ind2="7">
    <subfield code="a">Violence familiale</subfield>
    <subfield code="v">Bandes dessin&#xEF;&#xBF;&#xBD;es</subfield>
    <subfield code="2">vmj</subfield>
  </datafield>
  <datafield tag="650" ind1=" " ind2="7">
    <subfield code="a">M&#xEF;&#xBF;&#xBD;re et enfant</subfield>
    <subfield code="v">Bandes dessin&#xEF;&#xBF;&#xBD;es</subfield>
    <subfield code="2">vmj</subfield>
  </datafield>
  <datafield tag="650" ind1=" " ind2="7">
    <subfield code="a">Fr&#xEF;&#xBF;&#xBD;res et s&#x153;urs</subfield>
    <subfield code="v">Bandes dessin&#xEF;&#xBF;&#xBD;es</subfield>
    <subfield code="2">vmj</subfield>
  </datafield>
  <datafield tag="650" ind1=" " ind2="7">
    <subfield code="a">Secret</subfield>
    <subfield code="v">Bandes dessin&#xEF;&#xBF;&#xBD;es</subfield>
    <subfield code="2">vmj</subfield>
  </datafield>
  <datafield tag="650" ind1=" " ind2="7">
    <subfield code="a">Animaux en peluche</subfield>
    <subfield code="v">Bandes dessin&#xEF;&#xBF;&#xBD;es</subfield>
    <subfield code="2">vmj</subfield>
  </datafield>
  <datafield tag="650" ind1=" " ind2="7">
    <subfield code="a">F&#xEF;&#xBF;&#xBD;tes</subfield>
    <subfield code="v">Bandes dessin&#xEF;&#xBF;&#xBD;es</subfield>
    <subfield code="2">vmj</subfield>
  </datafield>
  <datafield tag="650" ind1=" " ind2="7">
    <subfield code="a">Pleurs</subfield>
    <subfield code="v">Bandes dessin&#xEF;&#xBF;&#xBD;es</subfield>
    <subfield code="2">vmj</subfield>
  </datafield>
  <datafield tag="655" ind1=" " ind2="7">
    <subfield code="a">Romans graphiques</subfield>
    <subfield code="2">rvmgf</subfield>
  </datafield>
  <datafield tag="655" ind1=" " ind2="7">
    <subfield code="a">Bandes dessin&#xEF;&#xBF;&#xBD;es familiales</subfield>
    <subfield code="2">rvmgf</subfield>
  </datafield>
  <datafield tag="655" ind1=" " ind2="7">
    <subfield code="a">Bandes dessin&#xEF;&#xBF;&#xBD;es sociales</subfield>
    <subfield code="2">rvmgf</subfield>
  </datafield>
  <datafield tag="655" ind1=" " ind2="7">
    <subfield code="a">Documents pour la jeunesse</subfield>
    <subfield code="2">rvmgf</subfield>
  </datafield>
  <datafield tag="700" ind1="1" ind2=" ">
    <subfield code="a">Bigu&#xEF;&#xBF;&#xBD;, Genevi&#xEF;&#xBF;&#xBD;ve</subfield>
    <subfield code="e">artiste</subfield>
  </datafield>
  <datafield tag="942" ind1=" " ind2=" ">
    <subfield code="2">ddc</subfield>
    <subfield code="c">DOC ADULTE</subfield>
  </datafield>
  <datafield tag="999" ind1=" " ind2=" ">
    <subfield code="c">18863</subfield>
    <subfield code="d">18863</subfield>
  </datafield>
  <datafield tag="952" ind1=" " ind2=" ">
    <subfield code="0">0</subfield>
    <subfield code="1">0</subfield>
    <subfield code="2">ddc</subfield>
    <subfield code="4">0</subfield>
    <subfield code="7">0</subfield>
    <subfield code="a">HENRYVILLE</subfield>
    <subfield code="b">HENRYVILLE</subfield>
    <subfield code="d">2026-05-30</subfield>
    <subfield code="l">0</subfield>
    <subfield code="o">741.5 S719m</subfield>
    <subfield code="p">30001030026761</subfield>
    <subfield code="r">2026-05-30 09:57:16</subfield>
    <subfield code="w">2026-05-30</subfield>
    <subfield code="y">DOC ADULTE</subfield>
  </datafield>
</record>
